000 00505nam a2200133Ia 4500
008 200611s9999 xx 000 0 und d
020 _a9.7814188391e+012
100 _aAdamski, Joseph J.,
245 _cJoseph J Adamski; Kathleen T Finnegan.--
_aNew perspectives on Microsoft Office Access 2003:
_bCourseCard Edition /
260 _a[United States]. :
_bThomson/Course Technology
_c2006
300 _a440 pages
_bcolored illustrations
_c28 cm
650 _aDatabase management.
650 _aMicrosoft Word.
999 _c363487
_d363487